Natural resource conservation : (Record no. 6628)
[ view plain ]
| 000 -LEADER | |
|---|---|
| fixed length control field | 00824cam a22002412 4500 |
| 001 - CONTROL NUMBER | |
| control field | 0000004740 |
| 005 - DATE AND TIME OF LATEST TRANSACTION | |
| control field | 20151217151940.0 |
| 008 - FIXED-LENGTH DATA ELEMENTS--GENERAL INFORMATION | |
| fixed length control field | 070529s xx 000 0 eng d |
| 020 ## - INTERNATIONAL STANDARD BOOK NUMBER | |
| International Standard Book Number | 0131458329 : |
| Terms of availability | GBP 69.99 |
| 040 ## - CATALOGING SOURCE | |
| Original cataloging agency | KABU |
| Transcribing agency | KABU |
| 050 #0 - LIBRARY OF CONGRESS CALL NUMBER | |
| Classification number | S938 |
| Item number | .C45 2005 |
| 100 1# - MAIN ENTRY--PERSONAL NAME | |
| Personal name | Chiras, Daniel D. |
| -- | 0000136888 |
| 245 10 - TITLE STATEMENT | |
| Title | Natural resource conservation : |
| Remainder of title | management for a sustainable future / |
| Statement of responsibility, etc. | Daniel D. Chiras, John P. Reganold. |
| 250 ## - EDITION STATEMENT | |
| Edition statement | 9th ed. |
| 260 ## - PUBLICATION, DISTRIBUTION, ETC. (IMPRINT) | |
| Place of publication, distribution, etc. | Upper Saddle River, NJ : |
| Name of publisher, distributor, etc. | Prentice Hall, |
| Date of publication, distribution, etc. | 2005. |
| 300 ## - PHYSICAL DESCRIPTION | |
| Extent | xii, 644 p. |
| 650 #0 - SUBJECT ADDED ENTRY--TOPICAL TERM | |
| Topical term or geographic name as entry element | Conservation of natural resources. |
| -- | 0000003674 |
| 700 1# - ADDED ENTRY--PERSONAL NAME | |
| Personal name | Reganold, John P. |
| -- | 0000155496 |
| 852 1# - LOCATION | |
| -- | p2962.50 KES |
| 908 ## - PUT COMMAND PARAMETER (RLIN) | |
| Put command parameter | 070529 |
| 950 ## - LOCAL HOLDINGS (RLIN) | |
| -- | 1 |
| Withdrawn status | Lost status | Source of classification or shelving scheme | Not for loan | Home library | Current library | Date acquired | Total Checkouts | Full call number | Barcode | Date last seen | Price effective from | Koha item type |
|---|---|---|---|---|---|---|---|---|---|---|---|---|
| Library of Congress Classification | Kabarak, Main Campus | Kabarak, Main Campus | 17/12/2015 | S938 .C45 2005 c. 1 | 007129 | 17/12/2015 | 17/12/2015 | General Collection | ||||
| Library of Congress Classification | Kabarak, Main Campus | Kabarak, Main Campus | 17/12/2015 | S938 .C45 2005 c. 2 | 16820 | 17/12/2015 | 17/12/2015 | General Collection |